Tolpava koothu (Record no. 830)
[ view plain ]
| 000 -LEADER | |
|---|---|
| fixed length control field | 01399 a2200253 4500 |
| 008 - FIXED-LENGTH DATA ELEMENTS--GENERAL INFORMATION | |
| fixed length control field | 080821t xxu||||| |||| 00| 0 eng d |
| 010 ## - LIBRARY OF CONGRESS CONTROL NUMBER | |
| LC control number | ENG-84980 |
| 020 ## - INTERNATIONAL STANDARD BOOK NUMBER | |
| Terms of availability | 295.00 |
| International Standard Book Number | 8178710994 |
| 035 ## - SYSTEM CONTROL NUMBER | |
| System control number | EN-68513 |
| 037 ## - SOURCE OF ACQUISITION | |
| Source of stock number/acquisition | D.B.Act / Pub |
| 082 ## - DEWEY DECIMAL CLASSIFICATION NUMBER | |
| Classification number | 792.62 |
| 100 ## - MAIN ENTRY--PERSONAL NAME | |
| Personal name | Venu, G |
| 245 ## - TITLE STATEMENT | |
| Title | Tolpava koothu |
| Remainder of title | shadow puppets of Kerala |
| Statement of responsibility, etc | by G. Venu. |
| 250 ## - EDITION STATEMENT | |
| Edition statement | 1st ed. |
| 260 ## - PUBLICATION, DISTRIBUTION, ETC. (IMPRINT) | |
| Place of publication, distribution, etc | New Delhi |
| Name of publisher, distributor, etc | Sangeet Natak Akademi, |
| Date of publication, distribution, etc | 2006 (rpr) |
| 260 ## - PUBLICATION, DISTRIBUTION, ETC. (IMPRINT) | |
| Place of publication, distribution, etc | Gurgaon, |
| Name of publisher, distributor, etc | Hope India Publications |
| Date of publication, distribution, etc | 2006 (rpr) |
| 300 ## - PHYSICAL DESCRIPTION | |
| Extent | 67 p. : |
| Other physical details | ill. ; |
| Dimensions | 26 cm. (Hb) |
| 520 ## - SUMMARY, ETC. | |
| Summary, etc | A form of traditional puppetry from Kerala,Tolpava KoothuÂoriginating in the Bhagavati temples of Palghat districtÂpresents the Ramayana story as told by Kambar, the Tamil epic poet, in the kamba Ramayana .In 21 parts, over 21 evenings, the story is enacted in koothuÂmadmas or temple theatres before eager local audience. Part ritual, part instruction.<br/>Tolpava Koothu is an art demanding knowledge of the scriptures together with skill in delivery, diction, and puppet manipulation. |
| 650 ## - SUBJECT ADDED ENTRY--TOPICAL TERM | |
| Topical term or geographic name as entry element | Shadow shows |
| Geographic subdivision | India |
| -- | Kerala. |
| 650 ## - SUBJECT ADDED ENTRY--TOPICAL TERM | |
| Topical term or geographic name as entry element | Shadow puppets |
| Geographic subdivision | India |
| -- | Kerala. |
| 710 ## - ADDED ENTRY--CORPORATE NAME | |
| Corporate name or jurisdiction name as entry element | Sangeet Natak Akademi. |
| 942 ## - ADDED ENTRY ELEMENTS (KOHA) | |
| Institution code [OBSOLETE] | dpl |
| Koha item type | English Books |
| Call number prefix | 792.62 / VEN |
| Source of classification or shelving scheme | Dewey Decimal Classification |
| Classification part | 792.62 |
| Call number suffix | VEN |
| Withdrawn status | Lost status | Damaged status | Not for loan | Home library | Current library | Date acquired | Cost, normal purchase price | Total Checkouts | Full call number | Barcode | Date last seen | Copy number | Uniform Resource Identifier | Cost, replacement price | Price effective from | Koha item type |
|---|---|---|---|---|---|---|---|---|---|---|---|---|---|---|---|---|
| D.B.Act.Division | D.B.Act.Division | 21/08/2008 | 295.00 | 792.62 VEN | EN-68513 | 15/09/2008 | 1 | 813 | 295.00 | 15/09/2008 | English Books |
